Historia física y política de Chile: zoología
Saved in:
| Main Author: | |
|---|---|
| Format: | Book |
| Language: | Spanish |
| Published: |
Santiago, Chile
Cámara Chilena de la Construcción
2010
Santiago, Chile Pontificia Universidad Católica de Chile 2010 Santiago, Chile Biblioteca Nacional 2010 |
| Series: | Biblioteca Fundamentos de la Construcción de Chile,
20-27 |
| Subjects: | |
| Tags: |
Add Tag
No Tags, Be the first to tag this record!
|
MARC
| LEADER | 00000cam a2200000 a 4500 | ||
|---|---|---|---|
| 001 | UCG6922 | ||
| 003 | CL-VaPUC | ||
| 005 | 20250121152149.0 | ||
| 008 | 110602e20100000CL |||||||||||||||||spa|d | ||
| 999 | |c 345030 |d 345028 | ||
| 020 | |a 9789568306083 (o.c) | ||
| 020 | |a 9789568306304 (t.1) | ||
| 020 | |a 9789568306311 (t.2) | ||
| 020 | |a 9789568306540 (t.3) | ||
| 020 | |a 9789568306557 (t.4) | ||
| 020 | |a 9789568306564 (t.5) | ||
| 020 | |a 9789568306571 (t.6) | ||
| 020 | |a 9789568306588 (t.7) | ||
| 020 | |a 9789568306595 (t.8) | ||
| 040 | |c Pontificia Universidad Católica de Valparaíso | ||
| 082 | 0 | 4 | |a 590.983 GAY 2010 |2 21 |
| 100 | |a Gay, Claudio, |e 1800-1873 |9 435569 | ||
| 245 | 1 | 0 | |a Historia física y política de Chile: zoología |
| 260 | |a Santiago, Chile |b Cámara Chilena de la Construcción |c 2010 | ||
| 260 | |a Santiago, Chile |b Pontificia Universidad Católica de Chile |c 2010 | ||
| 260 | |a Santiago, Chile |b Biblioteca Nacional |c 2010 | ||
| 300 | |a 8 tomos | ||
| 490 | 0 | |a Biblioteca Fundamentos de la Construcción de Chile, |v 20-27 | |
| 583 | |a last modification |c 20170711 12:15:07 |k Rodrigo Vera | ||
| 650 | 0 | |a Zoología |z CHILE |9 261613 | |
| 650 | 0 | |a Flora y fauna |z CHILE |9 338564 | |
| 650 | 0 | |a Historia natural |z CHILE |9 268584 | |
| 650 | 0 | |a Fuentes Históricas |9 265141 | |
| 852 | |a BIBCUR | ||
| 942 | |c BK |2 ddc | ||
| 945 | |d 20110602 00:00:00 |a cmena | ||
| 952 | |0 0 |1 0 |2 ddc |4 0 |6 590_983000000000000_GAY_2010_2010_2010 |7 0 |8 A |9 443425 |a BIBHIS |b BIBHIS |d 2019-11-22 |h t.1 |i 4781740 |o 590.983 GAY 2010 2010 2010 |p 4781740 |r 2025-01-20 |t 1 |w 2019-11-22 |y BK |k HIS | ||
| 952 | |0 0 |1 0 |2 ddc |4 0 |6 590_983000000000000_GAY_2010_2010_2010 |7 0 |8 A |9 443426 |a BIBHIS |b BIBHIS |d 2019-11-22 |h t.2 |i 4781759 |o 590.983 GAY 2010 2010 2010 |p 4781759 |r 2025-01-20 |t 1 |w 2019-11-22 |y BK |k HIS | ||
| 952 | |0 0 |1 0 |2 ddc |4 0 |6 590_983000000000000_GAY_2010_2010_2010 |7 0 |8 A |9 443427 |a BIBHIS |b BIBHIS |d 2019-11-22 |h t.3 |i 4781503 |o 590.983 GAY 2010 2010 2010 |p 4781503 |r 2025-01-20 |t 1 |w 2019-11-22 |y BK |k HIS | ||
| 952 | |0 0 |1 0 |2 ddc |4 0 |6 590_983000000000000_GAY_2010_2010_2010 |7 0 |8 A |9 443428 |a BIBHIS |b BIBHIS |d 2019-11-22 |h t.4 |i 4781511 |o 590.983 GAY 2010 2010 2010 |p 4781511 |r 2025-01-20 |t 1 |w 2019-11-22 |y BK |k HIS | ||
| 952 | |0 0 |1 0 |2 ddc |4 0 |6 590_983000000000000_GAY_2010_2010_2010 |7 0 |8 A |9 443429 |a BIBHIS |b BIBHIS |d 2019-11-22 |h t.5 |i 478152K |o 590.983 GAY 2010 2010 2010 |p 478152K |r 2025-01-20 |t 1 |w 2019-11-22 |y BK |k HIS | ||
| 952 | |0 0 |1 0 |2 ddc |4 0 |6 590_983000000000000_GAY_2010_2010_2010 |7 0 |8 A |9 443430 |a BIBHIS |b BIBHIS |d 2019-11-22 |h t.6 |i 4781538 |o 590.983 GAY 2010 2010 2010 |p 4781538 |r 2025-01-20 |t 1 |w 2019-11-22 |y BK |k HIS | ||
| 952 | |0 0 |1 0 |2 ddc |4 0 |6 590_983000000000000_GAY_2010_2010_2010 |7 0 |8 A |9 443431 |a BIBHIS |b BIBHIS |d 2019-11-22 |h t.7 |i 4781546 |o 590.983 GAY 2010 2010 2010 |p 4781546 |r 2025-01-20 |t 1 |w 2019-11-22 |y BK |k HIS | ||
| 952 | |0 0 |1 0 |2 ddc |4 0 |6 590_983000000000000_GAY_2010_2010_2010 |7 0 |8 A |9 443432 |a BIBHIS |b BIBHIS |d 2019-11-22 |h t.8 |i 4781554 |o 590.983 GAY 2010 2010 2010 |p 4781554 |r 2025-01-20 |t 1 |w 2019-11-22 |y BK |k HIS | ||
| 952 | |0 0 |1 0 |2 ddc |4 0 |6 590_983000000000000_GAY_2010_2010_2010 |7 0 |8 CCM |9 443433 |a BIBCUR |b BIBCUR |c GEN |d 2019-11-22 |h t.8 |i 4830164 |o 590.983 GAY 2010 2010 2010 |p 4830164 |r 2025-04-22 |t 2 |w 2019-11-22 |y BK |k CIM | ||
| 952 | |0 0 |1 0 |2 ddc |3 erb |4 0 |6 590_983000000000000_GAY_2010_2010_2010 |7 0 |8 A |9 443434 |a BIBHIS |b BIBHIS |h t.2 |i 540858K |o 590.983 GAY 2010 2010 2010 |p 540858K |r 2025-01-20 |t 2 |w 2019-11-22 |y BK |z Catalogado en:20170713 |k HIS | ||